Welcome to the Holygrace Academy Library

Please use search bar below to get started

THE SECRET ADVERSARY (Record no. 2347)

MARC details
000 -LEADER
fixed length control field 00607nam a22001457a 4500
020 ## - INTERNATIONAL STANDARD BOOK NUMBER
ISBN 978-0-00728259-3
082 ## - DEWEY DECIMAL CLASSIFICATION NUMBER
Classification number 823
Item number CHR/S
100 ## - MAIN ENTRY--AUTHOR NAME
Personal name CHRISTIE AGATHA
245 ## - TITLE STATEMENT
Title THE SECRET ADVERSARY
260 ## - PUBLICATION, DISTRIBUTION, ETC. (IMPRINT)
Place of publication LONDON
Name of publisher HAPPER COLLINS
300 ## - PHYSICAL DESCRIPTION
Number of Pages 400
520 ## - SUMMARY, ETC.
Summary, etc Childhood friends Tommy Beresford and Prudence "Tuppence" Cowley meet and agree to start their own business as The Young Adventurers. They are hired for a job that leads them both to many dangerous situations, meeting allies as well, including an American millionaire in search of his cousin.
650 ## - SUBJECT ADDED ENTRY--TOPICAL TERM
Topical Term NOVEL ENGLISH
Geographic subdivision LONDON
942 ## - ADDED ENTRY ELEMENTS (KOHA)
Koha item type Books
Holdings
Withdrawn status Lost status Collection code Home library Current library Shelving location Date acquired Source of acquisition Full call number Accession Number Koha item type
    Fiction Main Library Main Library SHELF-2-D ENGLIAH NOVELS FOR TEACHERS 19/09/2023 PURCHASE 823 CHR/S 05354 Books